000 00524nam a2200205Ia 4500
005 20250425161612.0
008 250425s9999 xx 000 0 und d
041 _aeng
082 _a541.342
100 _aLINKE, WILLIAM F
245 0 _aSOLUBILITIES OF INORGANIC AND METAL-ORGANIC COMPOUNDS K - Z
250 _a1TH ED.
260 _aEstados Unidos
_bS.E.
_c1965
260 _aWASHINGTON
300 _a1914
650 _aCOMPUESTOS INORGANICOS
650 _aCOMPUESTOS ORGANICOS
942 _c01
010 _a24047
999 _c212395
_d212395